Prefaces to Fiction (Record no. 243780)
[ view plain ]
| 000 -LEADER | |
|---|---|
| fixed length control field | 01280cam a22003133a 4500 |
| 001 - CONTROL NUMBER | |
| control field | 14525 |
| 003 - CONTROL NUMBER IDENTIFIER | |
| control field | PGUSA |
| 005 - DATE AND TIME OF LATEST TRANSACTION | |
| control field | 20140828083318.0 |
| 008 - FIXED-LENGTH DATA ELEMENTS--GENERAL INFORMATION | |
| fixed length control field | 041230s2004||||xxu|||||s|||||000 1 eng d |
| 040 ## - CATALOGING SOURCE | |
| Original cataloging agency | PGUSA |
| Language of cataloging | eng |
| 042 ## - AUTHENTICATION CODE | |
| Authentication code | dc |
| 050 #4 - LIBRARY OF CONGRESS CALL NUMBER | |
| Classification number | PR |
| 245 10 - TITLE STATEMENT | |
| Title | Prefaces to Fiction |
| Medium | [electronic resource] |
| 260 ## - PUBLICATION, DISTRIBUTION, ETC. (IMPRINT) | |
| Name of publisher, distributor, etc | Project Gutenberg, |
| Date of publication, distribution, etc | 2004 |
| 500 ## - GENERAL NOTE | |
| General note | Augustan Reprint Society, publication number 32 |
| 505 0# - FORMATTED CONTENTS NOTE | |
| Formatted contents note | de Scudéry, Preface to Ibrahim (1674) -- Manley, Preface to The Secret History of Queen Zarah (1705) -- de Boyer, Marquis d'Argens, Preface to The Jewish Spy (1744) -- Warburton, Preface to Richardson's Clarissa Vol. III and IV (1748) -- Derrick, Preface to d'Argens's Memoirs of The Count Du Beauval (1754). |
| 506 ## - RESTRICTIONS ON ACCESS NOTE | |
| Terms governing access | Public domain in the USA. |
| 516 ## - TYPE OF COMPUTER FILE OR DATA NOTE | |
| Type of computer file or data note | Electronic text |
| 653 ## - INDEX TERM--UNCONTROLLED | |
| Uncontrolled term | Fiction -- Technique |
| 700 1# - ADDED ENTRY--PERSONAL NAME | |
| Personal name | Warburton, William, |
| Dates associated with a name | 1698-1779 |
| 700 1# - ADDED ENTRY--PERSONAL NAME | |
| Personal name | Manley, |
| Titles and other words associated with a name | Mrs |
| Fuller form of name | (Mary de la Rivière), |
| Dates associated with a name | 1663-1724 |
| 700 1# - ADDED ENTRY--PERSONAL NAME | |
| Personal name | Argens, Jean-Baptiste de Boyer, marquis d', |
| Dates associated with a name | 1704-1771 |
| 700 1# - ADDED ENTRY--PERSONAL NAME | |
| Personal name | Boyce, Benjamin, |
| Dates associated with a name | 1903-1997 |
| 700 1# - ADDED ENTRY--PERSONAL NAME | |
| Personal name | Derrick, Samuel, |
| Dates associated with a name | 1724-1769 |
| 700 1# - ADDED ENTRY--PERSONAL NAME | |
| Personal name | Scudéry, M. de |
| Fuller form of name | (Georges), |
| Dates associated with a name | 1601-1667 |
| 830 #0 - SERIES ADDED ENTRY--UNIFORM TITLE | |
| Uniform title | Project Gutenberg |
| Volume number/sequential designation | 14525 |
| 856 40 - ELECTRONIC LOCATION AND ACCESS | |
| Uniform Resource Identifier | <a href="http://www.gutenberg.org/ebooks/14525">http://www.gutenberg.org/ebooks/14525</a> |
| 942 ## - ADDED ENTRY ELEMENTS (KOHA) | |
| Koha item type | eBooks |
| Withdrawn status | Lost status | Damaged status | Home library | Current library | Date acquired | Total Checkouts | Date last seen | Price effective from | Koha item type |
|---|---|---|---|---|---|---|---|---|---|
| Project Gutenberg | Project Gutenberg | 08/28/2014 | 08/28/2014 | 08/28/2014 | eBooks |